| 000 | 00452nam a2200121 a 4500 | ||
|---|---|---|---|
| 001 | 000038948 | ||
| 005 | 20201002031431.0 | ||
| 008 | 130507s1999 dr 000 0 spa d | ||
| 040 |
_aDO-SdBNP _bspa _cBNPHU |
||
| 245 | 0 | 0 | _aPanel sobre los procesos de reforma de las administraciones triburarias en América Latina. |
| 260 |
_aSanto Domingo : _bSecretaría de Estado de Finanzas _bDirección General de Impuesto Internos, _c1999. |
||
| 300 |
_a97 p. ; _c22 cm. |
||
| 999 |
_c38438 _d38438 |
||